000 01207cam a2200313 a 4500
001 6476
003 FISKH
005 20250506103914.0
008 040122s2004 flua 000 0 eng
010 _a 2004001554
020 _a0152051104 (hardcover)
020 _a9780152059064
040 _aDLC
_cDLC
_dDLC
_beng
050 _aGT4995.A4 W56
082 _a394.266
100 1 _aWinter, Jeanette.
245 1 0 _aCalavera abecedario :
_ba Day of the Dead alphabet book /
_cJeanette Winter.
260 _aOrlando :
_bVoyager,
_c2004.
300 _a36 pages :
_bcolor illustrations ;
_c24 cm
505 _aG
520 _aEvery year Don Pedro and his family make papier-mâché skeletons, or calaveras, for Mexico's Day of the Dead fiesta. From the Angel and Doctor to the Mariachi and Unicornio, there's a special calavera for each letter of the alphabet. Come dance with them! Includes a glossary of Spanish words and an author's note.
521 8 _a300
_bLexile estimate
521 8 _aG
_bRaz-Plus
650 0 _aAll Souls' Day
_zMexico.
651 0 _aMexico
_xSocial life and customs.
906 _a7
_bcbc
_corignew
_d1
_eecip
_f20
_gy-gencatlg
942 _2ddc
_cBK
_n0
999 _c6476
_d6476